Music Quiz

Random Music or Artist Quiz
Score 0/34 Timer 12:00
0 Plays Today
Timestamp Song % Correct
1:10Me Gustas Tu
94.8%
0:20Adore U
93.1%
1:40I Need U
93.1%
0:50Hero
91.4%
2:35Ah Choo
91.4%
4:55Call Me Baby
91.4%
5:40If You Do
91.4%
0:30Ring My Bell
87.9%
2:55Run
86.2%
3:30Like Ooh Ahh
86.2%
3:40Wiggle Wiggle
86.2%
1:50Closer
84.5%
2:20Loser
84.5%
5:50View
84.5%
2:15My House
82.8%
5:30Ice Cream Cake
82.8%
0:10Joker
81%
Timestamp Song % Correct
4:00Zero for Conduct
79.3%
4:10Zutter
79.3%
3:50Crazy
77.6%
4:40You Think
77.6%
5:05Roll deep
77.6%
1:00Twenty-three
75.9%
1:20Chained Up
75.9%
0:40EOEO
72.4%
5:15Do You
70.7%
3:05Devil
65.5%
2:45Congratulations
63.8%
4:20Play With Me
60.3%
6:00Can You Feel It
51.7%
0:00Insane
50%
2:00Fire
50%
3:15Cupid
50%
1:30YeY
39.7%
Remove Ads.
Support Sporcle.
Get the best of Sporcle when you Go Orange. This ad-free experience offers more features, more stats, and more fun while also helping to support Sporcle. Thank you for becoming a member.

You're not logged in!

Compare scores with friends on all Sporcle quizzes.
OR
Log In

Sporcle TV

Today on Sporcle TV


Watch our educational content, quiz creation guides, and fun videos on Sporcle TV.

Show Comments

Extras

Top Quizzes Today


Score Distribution

Paid Content

Your Account Isn't Verified!

In order to create a playlist on Sporcle, you need to verify the email address you used during registration. Go to your Sporcle Settings to finish the process.

Report this User

Report this user for behavior that violates our Community Guidelines.

Details: